000 00572nam a2200181 4500
001 109784
003 ES-MaACL
005 20230906184918.0
007 t|
008 061121s1971 sp r ||||1| spa d
245 0 4 _aLos modernos monarcas
_b: Doce imperios del dinero /
_cRecopilado por Franz Thoma; [Traducción, María Luz Rovira Grau].
250 _a1ª ed.
260 _aBarcelona :
_bDopesa,
_c1971.
300 _a175 p., 16 lám. ;
_c22 cm.
700 1 _aThoma, Franz.
_9109985
700 1 _aRovira, María Luz.
_9100134
852 _aES-MaACL
_jC-45107
_bR.79170
999 _c109784
_d109784